| 000 | 00458nam a22001817a 4500 | ||
|---|---|---|---|
| 003 | CEME | ||
| 005 | 20210628204148.0 | ||
| 008 | 210104b xxu||||| |||| 00| 0 eng d | ||
| 020 | _a020109355309355 | ||
| 040 | _cceme | ||
| 082 | _a006.3 HEC | ||
| 100 |
_aHecht-Nielsen, Robert _969035 |
||
| 245 | _aNeurocomputing | ||
| 250 | _a430P | ||
| 260 |
_aNEW YROK _bADDISION WESELY _c1990 |
||
| 650 |
_aNEUROCOMPUTING.NEURO COMPUTING _969036 |
||
| 942 |
_cBK _2ddc |
||
| 999 |
_c576456 _d576456 |
||